000 00559nam a22001937a 4500
005 20251108164931.0
008 250721s1999 xx 000 0 ara d
082 1 4 _a213/عفا
100 1 _aعفانة، جواد موسى محمد
245 1 0 _aدور السنة في إعادة بناء الأمة /
264 1 _aعمان :
_c1999.
300 _a322ص
650 1 7 _aعلوم الحديث
650 1 7 _aالحديث الشريف
650 1 7 _aالحديث الضعيف
650 1 7 _aالحديث الصحيح
942 _2ddc
_cBK
999 _c17792
_d17792